000 00380nam a22001697a 4500
005 20240403121226.0
008 160628b xxu||||| |||| 00| 0 eng d
020 _a978-81-89988-32-6
041 _aeng
082 _b10579
100 _aKelly, Lorraine
_93056
245 _aSuper Confidence
260 _bHoy House
_c2008
300 _a333
650 _aManagement
942 _cBK
999 _c4436
_d4435